English for meetings express series
সংরক্ষণ করুন:
| প্রধান লেখক: | |
|---|---|
| বিন্যাস: | গ্রন্থ |
| প্রকাশিত: |
Oxford
Oxford Univ. Press
2007
|
| বিষয়গুলি: | |
| ট্যাগগুলো: |
ট্যাগ যুক্ত করুন
কোনো ট্যাগ নেই, প্রথমজন হিসাবে ট্যাগ করুন!
|
| Thư viện lưu trữ: | Trung tâm Học liệu Lê Vũ Hùng, Trường Đại học Đồng Tháp |
|---|
| LEADER | 00793pam a22003018a 4500 | ||
|---|---|---|---|
| 001 | 00028028 | ||
| 005 | 20171026081022.0 | ||
| 008 | 111222s2007 ||||||Engsd | ||
| 020 | # | # | |a 0194579339 |
| 041 | 0 | # | |a Eng |
| 082 | 1 | 4 | |a 428 |b E204F |
| 100 | 1 | # | |a Thompson, Kenneth |
| 245 | 1 | 0 | |a English for meetings |b express series |c Kenneth Thompson |
| 260 | # | # | |a Oxford |b Oxford Univ. Press |c 2007 |
| 300 | # | # | |a 80p. |b ill. |c 28cm. |e 1 CD |
| 650 | # | 4 | |a English language |
| 653 | # | # | |a Thực hành tiếng anh |
| 653 | # | # | |a Tiếng Anh |
| 852 | # | # | |b Kho đọc |j KD.0012421 |
| 852 | # | # | |j KD.0012421 |
| 910 | 0 | # | |d 22/12/2011 |
| 980 | # | # | |a Trung tâm Học liệu Lê Vũ Hùng, Trường Đại học Đồng Tháp |